000 01304cam a2200361 i 4500
001 40763
003 Mx-PuUPA
005 20250106125815.0
008 140415s2019 sp a gr 000 0 spa d
017 _aM-16544-2018
020 _a9786075384764
040 _aMx-PuUPA
_cMx-PuUPA
_bspa
_dMx-PuUPA
_erda
041 0 _aspa
100 1 _aSieira Valpuesta, José Manuel,
_eautor
_916620
245 1 0 _aMarketing Retail /
_cManuel Sieira Valpuesta, José Manuel Ponzoa Casado
246 1 4 _aMK Ret@il :
_bdel comercio presencial al e-commerce.
246 1 4 _aMarketing de la distribución.
250 _aPrimera edición /
_bjunio
264 1 _aCiudad de México :
_bAlfaomega Grupo Editor,
_c©2019
300 _a415 páginas :
_bilustraciones ;
_c23 cm
336 _2rdacontent
_atexto
_btxt
337 _2rdamedia
_asin medio
_bn
338 _2rdacarrier
_avolumen
_bnc
650 7 _2armarc
_aComercio electrónico
650 7 _2armarc
_aMercadeo en internet
650 7 _2armarc
_aVenta directa
650 7 _2armarc
_aNegocios
_xVentas por correo
700 1 _aPonzoa Casado, José Manuel,
_eautor
942 _2ddc
_cLI
_h658.872
_iS57
999 _c40763
_d40763